000 01257cam a2200205 4500
001 WB3908-15
008 030226n2003 000 0 eng u
035 _a(Sirsi) u121426
245 _aEnergy White Paper published
260 _c2003
490 _aDTI Press Release
_v(P/2003/113) 24 February 2003 (3)
490 _aDEFRA News Release
_v(66/03) 24 February 2003 (2)
520 _aDTI has unveiled the Energy White Paper "Our energy future - creating a low carbon economy" which puts the cutting of greenhouse gases at the heart of the new energy policy. The four main goals of the policy are the cutting of carbon dioxide emissions by 60% by 2050, the maintainance of the reliability of energy supplies, the promotion of competitive energy markets in the UK and the ensuring that every home is adequately and affordably heated. Copies of the Energy White Paper are available from http://www.dti.gov.uk/energy/whitepaper/index.shtml http://www.gnn.gov.uk/gnn/national.nsf/TI/130E72C5A1C9531D80256CD70041D823?opendocument http://www.defra.gov.uk/news/2003/030224b.htm
590 _aWB
650 _aRENEWABLE ENERGY
650 _aGREENHOUSE GASES
650 _aENERGY POLICY
690 _aENVIRONMENTAL AND LAND CONSULTANCY-ENERGY
942 _n0
999 _c72154
_d72154